Minecraft Items: Foods - Statistics

General Stats
  • This quiz has been taken 117 times
  • The average score is 27 of 40
Answer Stats
Food % Correct
Carrot
95%
Apple
91%
Golden Apple
88%
Cooked Chicken
86%
Potato
85%
Bread
84%
Cooked Mutton
84%
Cooked Porkchop
84%
Golden Carrot
84%
Beetroot
82%
Steak
81%
Raw Chicken
80%
Raw Mutton
78%
Cooked Salmon
77%
Raw Beef
77%
Rotten Flesh
76%
Raw Porkchop
74%
Cooked Cod
73%
Baked Potato
72%
Enchanted Golden Apple
70%
Mushroom Stew
69%
Pumpkin Pie
68%
Suspicious Stew
68%
Raw Cod
65%
Raw Salmon
65%
Cookie
64%
Cooked Rabbit
62%
Pufferfish
62%
Raw Rabbit
58%
Spider Eye
58%
Rabbit Stew
57%
Beetroot Soup
54%
Melon Slice
54%
Tropical Fish
50%
Chorus Fruit
49%
Glow Berries
49%
Sweet Berries
46%
Dried Kelp
45%
Poisonous Potato
45%
Honey Bottle
38%
No matching quizzes found
Score Distribution
Percent of People with Each Score
Percentile by Number Answered
Your Score History
You have not taken this quiz